Parábolas, cartas y ensueños del rabino Ben Shalom / (Record no. 14755)

MARC details
000 -LEADER
campo de control de longitud fija 00552ntaaa2200193 4500
003 - IDENTIFICADOR DE NÚMERO DE CONTROL
campo de control 01
005 - FECHA Y HORA DE LA ÚLTIMA TRANSACCIÓN
campo de control 20251027202012.0
008 - DATOS DE LONGITUD FIJA--INFORMACIÓN GENERAL
campo de control de longitud fija 0714s1973 ag 01
020 ## - NÚMERO INTERNACIONAL ESTÁNDAR DEL LIBRO
Número Internacional Estándar del Libro 8429307915
040 ## - FUENTE DE CATALOGACIÓN
Centro catalogador/agencia de origen AR-BaBN
Lengua de catalogación spa
Centro/agencia transcriptor AR-BaBN
Normas de descripción aacr
Centro/agencia modificador RIC
082 ## - NÚMERO DE LA CLASIFICACIÓN DECIMAL DEWEY
Número de clasificación 261.1 G58p
100 ## - ENTRADA PRINCIPAL--NOMBRE DE PERSONA
Nombre de persona Gonzáles Faus, José Ignacio
245 ## - MENCIÓN DEL TÍTULO
Título Parábolas, cartas y ensueños del rabino Ben Shalom /
Mención de responsabilidad, etc. José Ignacio Gonzáles Faus
260 ## - PUBLICACIÓN, DISTRIBUCIÓN, ETC.
Lugar de publicación, distribución, etc. Santander :
Nombre del editor, distribuidor, etc. Sal Terrae,
Fecha de publicación, distribución, etc. c1987
300 ## - DESCRIPCIÓN FÍSICA
Extensión 136 p. ;
Dimensiones 20 cm.
490 ## - MENCIÓN DE SERIE
Mención de serie ST breve ;
Designación de volumen o secuencia 21
650 ## - PUNTO DE ACCESO ADICIONAL DE MATERIA--TÉRMINO DE MATERIA
Término de materia o nombre geográfico como elemento de entrada Iglesia-Sociedad
942 ## - ELEMENTOS DE ENTRADA SECUNDARIOS (KOHA)
Tipo de ítem Koha Colección General
Holdings
Estatus retirado Estado de pérdida Estado de daño No para préstamo Biblioteca de origen Biblioteca actual Fecha de adquisición Número de inventario Total de préstamos Signatura topográfica completa Código de barras Visto por última vez Precio de reemplazo Tipo de ítem Koha
        Biblioteca Pluis Biblioteca Pluis 27/10/2025 038866   261.1 G58p 038866 27/10/2025 27/10/2025 Colección General